Journal of Global Science [medzinárodný recenzovaný časopis]
Gespeichert in:
| Format: | Schriftenreihe |
|---|---|
| Sprache: | Slowakisch Englisch |
| Veröffentlicht: |
Prešov
eXclusive marketing
|
| Tags: |
Keine Tags, Fügen Sie das erste Tag hinzu!
|
MARC
| LEADER | 00000nls a2200000 4500 | ||
|---|---|---|---|
| 001 | 0304153 | ||
| 005 | 20260205134346.0 | ||
| 022 | |a 2453-765X | ||
| 041 | 0 | |a slo | |
| 041 | 0 | |a eng | |
| 044 | |a SK | ||
| 245 | 1 | 0 | |a Journal of Global Science |b [medzinárodný recenzovaný časopis] |
| 264 | 1 | |a Prešov |b eXclusive marketing | |